[Event "Ambelokipi op 147th"]
[Site "Athens"]
[Date "2014.09.27"]
[Round "3"]
[White "Ilandzis, Spyridon"]
[Black "Pararas, Ioannis"]
[Result "1-0"]
[WhiteElo "2106"]
[BlackElo "1627"]
[PlyCount "99"]
[EventDate "2014.09.13"]
[EventType "swiss"]
[EventRounds "7"]
[EventCountry "GRE"]
[SourceTitle "EXT 2016"]
[Source "ChessBase"]
[SourceDate "2015.10.08"]
[SourceVersion "1"]
[SourceVersionDate "2015.10.08"]
[SourceQuality "1"]

1. e4 e5 2. f4 exf4 3. Bc4 d6 4. d4 g5 5. h4 Nc6 6. Nf3 Bg4 7. c3 Bh6 8. hxg5 Bxg5 9. Qb3 Bxf3 10. Bxf7+ Kf8 11. gxf3 Na5 12. Qa3 Kxf7 13. Qxa5 c6 14. Qf5+ Qf6 15. Rxh7+ Rxh7 16. Qxh7+ Qg7 17. Qxg7+ Kxg7 18. Nd2 Ne7 19. b3 Rh8 20. Bb2 Rh1+ 21. Ke2 Rh2+ 22. Kd3 d5 23. Rg1 Kf6 24. Ba3 Ng6 25. Bd6 Nh4 26. Be5+ Kg6 27. Bxf4 Rg2 28. Rxg2 Nxg2 29. Bxg5 Kxg5 30. e5 Nf4+ 31. Ke3 Kf5 32. Nf1 Ne6 33. Ng3+ Kg5 34. Ne2 Kf5 35. Nc1 b6 36. Nd3 a5 37. Nb2 Nc7 38. Na4 b5 39. Nc5 b4 40. cxb4 axb4 41. Nd3 Na6 42. f4 Ke6 43. Nc5+ Nxc5 44. dxc5 Kf5 45. Kd3 Ke6 46. Kc2 Kf5 47. Kb2 Ke6 48. a4 bxa3+ 49. Kxa3 Kf5 50. Kb2 1-0

[Event "Ambelokipi op 139th"]
[Site "Athens"]
[Date "2013.12.04"]
[Round "5"]
[White "Ypsilantis, Nikolaos"]
[Black "Pararas, Ioannis"]
[Result "0-1"]
[WhiteElo "1697"]
[BlackElo "1548"]
[PlyCount "70"]
[EventDate "2013.11.11"]
[EventType "swiss"]
[EventRounds "7"]
[EventCountry "GRE"]
[SourceTitle "EXT 2024"]
[Source "ChessBase"]
[SourceDate "2023.10.10"]
[SourceVersion "1"]
[SourceVersionDate "2023.10.10"]
[SourceQuality "1"]

1. e4 e5 2. Nf3 Nc6 3. Bb5 a6 4. Ba4 Nf6 5. 0-0 d6 6. Re1 b5 7. Bb3 Be7 8. c3 0-0 9. d4 Bg4 10. Qd3 Re8 11. Bg5 h6 12. Bh4 Bxf3 13. gxf3 g5 14. Bg3 Nh5 15. Nd2 Nf4 16. Bxf4 gxf4 17. Kh1 Rf8 18. Rg1+ Kh7 19. Rg2 Bf6 20. Bc2 Qd7 21. a4 Rab8 22. b4 Ne7 23. axb5 axb5 24. Rag1 c6 25. Bb3 Ng6 26. Bxf7 Rxf7 27. Rxg6 Bg5 28. R6xg5 hxg5 29. Rxg5 Rg7 30. Rf5 Rbg8 31. Qf1 Rg1+ 32. Qxg1 Rxg1+ 33. Kxg1 Qg7+ 34. Kf1 exd4 35. Rxf4 Qg5 0-1

[Event "Ambelokipi op 139th"]
[Site "Athens"]
[Date "2013.11.27"]
[Round "4"]
[White "Fanourgakis, Konstantinos"]
[Black "Pararas, Ioannis"]
[Result "1-0"]
[WhiteElo "1832"]
[BlackElo "1548"]
[PlyCount "85"]
[EventDate "2013.11.11"]
[EventType "swiss"]
[EventRounds "7"]
[EventCountry "GRE"]
[SourceTitle "EXT 2024"]
[Source "ChessBase"]
[SourceDate "2023.10.10"]
[SourceVersion "1"]
[SourceVersionDate "2023.10.10"]
[SourceQuality "1"]

1. e4 e5 2. Nf3 Nc6 3. Bb5 a6 4. Ba4 Nf6 5. 0-0 d6 6. Re1 b5 7. Bb3 Be7 8. c3 0-0 9. h3 Re8 10. d4 Bf8 11. Nbd2 Nb8 12. a4 Bb7 13. axb5 axb5 14. Rxa8 Bxa8 15. d5 Nbd7 16. Nf1 Nc5 17. Bc2 c6 18. b4 Ncd7 19. dxc6 Bxc6 20. Ng3 g6 21. Bg5 h6 22. Be3 d5 23. Qb1 dxe4 24. Nd2 Nd5 25. Qb3 Nxe3 26. Rxe3 Nb6 27. Bxe4 Bxe4 28. Ngxe4 Bg7 29. c4 bxc4 30. Nxc4 Nxc4 31. Qxc4 Qb6 32. Ra3 Qe6 33. Qc7 Qc8 34. Qxc8 Rxc8 35. Rb3 Rb8 36. g4 Bf8 37. b5 Rb6 38. Kf1 f5 39. gxf5 gxf5 40. Nc3 Bc5 41. Na4 Rb8 42. Nxc5 Rc8 43. Nd7 1-0

[Event "Ambelokipi op 134th"]
[Site "Athens"]
[Date "2013.05.15"]
[Round "1"]
[White "Kontarinis, Andreas"]
[Black "Pararas, Ioannis"]
[Result "1-0"]
[WhiteElo "1748"]
[BlackElo "1535"]
[PlyCount "96"]
[EventDate "2013.05.15"]
[EventType "swiss"]
[EventRounds "7"]
[EventCountry "GRE"]
[SourceTitle "EXT 2024"]
[Source "ChessBase"]
[SourceDate "2023.10.10"]
[SourceVersion "1"]
[SourceVersionDate "2023.10.10"]
[SourceQuality "1"]

1. Nf3 d5 2. c4 c6 3. b3 Bg4 4. Bb2 e6 5. Ne5 Bf5 6. d3 Nf6 7. e3 Bd6 8. Nd2 0-0 9. Be2 Nbd7 10. f4 h6 11. g4 Bxe5 12. fxe5 Nxg4 13. Nf3 Qa5+ 14. Qd2 Qxd2+ 15. Kxd2 dxc4 16. bxc4 h5 17. e4 Bg6 18. Raf1 Rfd8 19. h3 Nh6 20. Ke3 c5 21. Rhg1 a6 22. Nh4 Kh7 23. Rg5 b5 24. Rfg1 Rg8 25. Nxg6 fxg6 26. Rxg6 Ng4+ 27. Bxg4 hxg4 28. R6xg4 g6 29. Rf1 Raf8 30. Rgf4 bxc4 31. Rxf8 Rxf8 32. Rxf8 Nxf8 33. d4 Nd7 34. d5 Nb6 35. dxe6 Kg7 36. Ba3 c3 37. Kd3 c2 38. Kxc2 Nc4 39. Bxc5 Kg8 40. Bd4 Kf8 41. Kc3 Na5 42. Bc5+ Ke8 43. Bd6 Nc6 44. Kc4 a5 45. Kd5 Nb4+ 46. Bxb4 axb4 47. Kc4 Ke7 48. Kxb4 Kxe6 1-0

[Event "Ambelokipi op 132th"]
[Site "Athens"]
[Date "2013.03.09"]
[Round "1"]
[White "Sideris, Theodoros"]
[Black "Pararas, Ioannis"]
[Result "1-0"]
[WhiteElo "1993"]
[BlackElo "1635"]
[PlyCount "45"]
[EventDate "2013.03.11"]
[EventType "swiss"]
[EventRounds "7"]
[EventCountry "GRE"]
[SourceTitle "EXT 2024"]
[Source "ChessBase"]
[SourceDate "2023.10.10"]
[SourceVersion "1"]
[SourceVersionDate "2023.10.10"]
[SourceQuality "1"]

1. e4 c5 2. c3 d6 3. d4 cxd4 4. cxd4 Nf6 5. Nc3 e6 6. Nf3 a6 7. Bd3 Be7 8. 0-0 Nbd7 9. e5 dxe5 10. dxe5 Ng4 11. Qa4 Ngxe5 12. Nxe5 b5 13. Bxb5 axb5 14. Qxa8 Nxe5 15. Rd1 Bd7 16. Qxd8+ Bxd8 17. Bf4 Nc4 18. b3 Bf6 19. bxc4 Bxc3 20. Rab1 b4 21. Bd6 Ba4 22. Bxb4 Bxd1 23. Bxc3 1-0